Doctor Who Trivia #5 - Statistics

General Stats
  • This quiz has been taken 213 times
  • The average score is 8 of 11
Answer Stats
Question Answer % Correct
True or False - Turlough was human? False
97%
Which of these is not a real story title - Time of the Doctor, Terror of the Doctor, Day of the Doctor? Terror of the Doctor
97%
Which Doctor encountered Madame de Pompadour? Tenth
96%
What colour berets do modern UNIT staff wear? Red
85%
What is the name of the Brigadier's daughter? Kate Lethbridge-Stewart
76%
Who is President of the World? The Doctor
76%
In what episode did the Doctor, Amy and Rory meet the Dream Lord? Amy's Choice
68%
What does UNIT currently stand for? UNified Intelligence Taskforce
47%
Who was the creator of Cybus Industries on Pete's World (Parallel Earth)? John Lumic
39%
What did UNIT used to stand for? United Nations Intelligence Taskforce
39%
What was the first name of Yates, who worked for UNIT? Mike
35%
No matching quizzes found
Score Distribution
Percent of People with Each Score
Percentile by Number Answered
Your Score History
You have not taken this quiz